[Event "46th World U20 ch"]
[Site "Yerevan ARM"]
[Date "2007.10.07"]
[Round "5.18"]
[White "Feller, Sebastien"]
[Black "Priborsky, Jan"]
[Result "1-0"]
[WhiteElo "2513"]
[BlackElo "2359"]
[EventDate "2007.10.03"]
[PlyCount "55"]

1.d4 Nf6 2.c4 e6 3.g3 d5 4.Bg2 dxc4 5.Nf3 Bb4+ 6.Bd2 a5 7.O-O O-O 8.a4 c6 
9.Na3 Bxa3 10.bxa3 b5 11.Rb1 Ba6 12.Qe1 bxa4 13.Bxa5 Qc8 14.Ne5 Nd5 15.Bb4
Rd8 16.Rc1 f6 17.Nxc4 Bxc4 18.Rxc4 Nb6 19.Rc1 Nd5 20.e4 Nb6 21.Qc3 Qa6 22.
Rfd1 Qb5 23.Qf3 Qg5 24.Bh3 Kf7 25.Rc5 e5 26.Rxe5 Qh6 27.Rh5 Qg6 28.Bf5 1-0

[Event "46th World U20 ch"]
[Site "Yerevan ARM"]
[Date "2007.10.07"]
[Round "5.19"]
[White "Rohit, Gogineni"]
[Black "Alaguzov, Maxat"]
[Result "0-1"]
[WhiteElo "2491"]
[BlackElo "2358"]
[EventDate "2007.10.03"]
[PlyCount "120"]

1.e4 e5 2.Nf3 Nc6 3.Bb5 a6 4.Ba4 Nf6 5.O-O Be7 6.Re1 b5 7.Bb3 d6 8.c3 O-O 
9.h3 Na5 10.Bc2 c5 11.d4 Qc7 12.Nbd2 cxd4 13.cxd4 Rd8 14.b3 Nc6 15.Bb2 Bb7
16.Rc1 Qb6 17.d5 Nb4 18.Bb1 a5 19.Nf1 Rdc8 20.Ng3 g6 21.Qd2 Na6 22.Kh2 Qd8
23.Bd3 b4 24.Rxc8 Bxc8 25.Rc1 Nd7 26.Qe2 Nac5 27.Bc4 Bf8 28.Rc2 Bh6 29.Bc1
Bxc1 30.Rxc1 Qf6 31.Bb5 Qf4 32.Re1 Nf6 33.Qd2 Ba6 34.Bxa6 Rxa6 35.Qxf4 
exf4 36.Ne2 Nd3 37.Rd1 Nxf2 38.Rc1 N2xe4 39.Rc8+ Kg7 40.Nxf4 Nc3 41.Rc6 
Rxc6 42.dxc6 Ne8 43.Nd2 d5 44.Nd3 Nxa2 45.Nc5 Nc3 46.Nb7 a4 47.bxa4 Nxa4 
48.Kg3 Kf6 49.Kf4 Nc3 50.Nb3 Nc7 51.N3c5 N3b5 52.Ke3 Ke7 53.Kd3 Na7 54.Na5
Nxc6 55.Nxc6+ Kd6 56.Nd8 Kxc5 57.Nxf7 Nb5 58.Ng5 b3 59.Nxh7 Kb4 60.Ng5 Nd4
0-1

[Event "46th World U20 ch"]
[Site "Yerevan ARM"]
[Date "2007.10.07"]
[Round "5.20"]
[White "Brandenburg, Daan"]
[Black "Arngrimsson, Dagur"]
[Result "1/2-1/2"]
[WhiteElo "2483"]
[BlackElo "2323"]
[EventDate "2007.10.03"]
[PlyCount "93"]

1.e4 e5 2.Nf3 Nc6 3.d4 exd4 4.Nxd4 Nf6 5.Nxc6 bxc6 6.e5 Qe7 7.Qe2 Nd5 8.c4
Nb6 9.Nc3 a5 10.Bd2 Ba6 11.b3 g6 12.Ne4 Bg7 13.Nf6+ Bxf6 14.exf6 Qxe2+ 15.
Bxe2 a4 16.Bh6 O-O-O 17.O-O-O axb3 18.axb3 d5 19.Bg4+ Kb8 20.cxd5 cxd5 21.
Rde1 Bc8 22.h3 Rhe8 23.Re7 Rxe7 24.fxe7 Re8 25.Re1 Bxg4 26.hxg4 Kc8 27.Bg5
Nd7 28.Kc2 f6 29.Bh6 Ne5 30.Bg7 Nxg4 31.f3 Ne5 32.Bxf6 Nc6 33.g4 h5 34.
gxh5 gxh5 35.Rh1 Nxe7 36.Rxh5 Ng6 37.Rg5 Nf4 38.Be5 Ne6 39.Rh5 Rf8 40.Rh6 
Kd7 41.Rh7+ Kd8 42.f4 Nxf4 43.Bxc7+ Kc8 44.b4 Ne6 45.Be5 Rf5 46.Bd6 Nd4+ 
47.Kd3 1/2-1/2

[Event "46th World U20 ch"]
[Site "Yerevan ARM"]
[Date "2007.10.07"]
[Round "5.22"]
[White "Shamieh, Mahmoud"]
[Black "Bulski, Krzysztof"]
[Result "0-1"]
[WhiteElo "2203"]
[BlackElo "2421"]
[EventDate "2007.10.03"]
[PlyCount "40"]

1.d4 Nf6 2.c4 e6 3.Nc3 Bb4 4.Qc2 b6 5.f3 Nc6 6.e3 e5 7.dxe5 Nxe5 8.Bd2 O-O
9.O-O-O Re8 10.e4 a5 11.h3 Ba6 12.b3 d6 13.Kb2 Qd7 14.a3 Bxc3+ 15.Bxc3 a4 
16.b4 Bxc4 17.Bxe5 Bb3 18.Qd2 Rxe5 19.Rc1 d5 20.Qd4 Rae8 0-1

[Event "46th World U20 ch"]
[Site "Yerevan ARM"]
[Date "2007.10.07"]
[Round "5.23"]
[White "Ibarra Chami, Luis Fernando"]
[Black "Javakhadze, Zurab"]
[Result "1-0"]
[WhiteElo "2416"]
[BlackElo "2167"]
[EventDate "2007.10.03"]
[PlyCount "33"]

1.e4 c6 2.d4 g6 3.Nf3 d5 4.e5 h5 5.c4 Nh6 6.Nc3 dxc4 7.Bxc4 Bg7 8.e6 Bxe6 
9.Bxe6 fxe6 10.Bxh6 Rxh6 11.Qb3 Qd7 12.O-O-O Na6 13.Ne5 Qc8 14.Ne4 Nc7 15.
Qg3 Nd5 16.Nxg6 Kf7 17.Nxe7 1-0

[Event "46th World U20 ch"]
[Site "Yerevan ARM"]
[Date "2007.10.07"]
[Round "5.24"]
[White "Vardanian, Haik"]
[Black "Ter-Sahakyan, Samvel"]
[Result "0-1"]
[WhiteElo "2118"]
[BlackElo "2389"]
[EventDate "2007.10.03"]
[PlyCount "66"]

1.c4 e5 2.Nc3 Nc6 3.Nf3 g6 4.e3 Bg7 5.d4 d6 6.Be2 exd4 7.exd4 Nge7 8.O-O 
O-O 9.h3 d5 10.cxd5 Nxd5 11.Bg5 Qd7 12.Qd2 b6 13.Bc4 Nxc3 14.bxc3 Bb7 15.
Bh6 Na5 16.Be2 Rfe8 17.Rfe1 Bxh6 18.Qxh6 Bxf3 19.Bxf3 Rad8 20.h4 Qd6 21.
Qg5 c6 22.a4 Kg7 23.h5 h6 24.Qg4 g5 25.Re4 c5 26.Rd1 cxd4 27.cxd4 Nb3 28.
Re5 Qb4 29.Rxe8 Rxe8 30.d5 Re1+ 31.Rxe1 Qxe1+ 32.Kh2 Qxf2 33.d6 Nc5 0-1

[Event "46th World U20 ch"]
[Site "Yerevan ARM"]
[Date "2007.10.07"]
[Round "5.25"]
[White "Abhishek, Das"]
[Black "Vlashki, Nino"]
[Result "0-1"]
[WhiteElo "2383"]
[BlackElo "2077"]
[EventDate "2007.10.03"]
[PlyCount "78"]

1.e4 e5 2.Nf3 Nc6 3.Nc3 Nf6 4.Bb5 Bb4 5.O-O O-O 6.d3 d6 7.Bg5 Bxc3 8.bxc3 
Ne7 9.Bxf6 gxf6 10.d4 Ng6 11.Re1 Kh8 12.Bf1 Rg8 13.g3 Qf8 14.Bg2 Qh6 15.
Nd2 Nf4 16.Nf1 Bg4 17.f3 Nxg2 18.Kxg2 Bh3+ 19.Kg1 Bxf1 20.Rxf1 Qe3+ 21.Kh1
Qxc3 22.dxe5 Qxe5 23.Rb1 b6 24.Qd3 Qe6 25.Kg2 Qxa2 26.Rb3 Rg5 27.Qc3 Rc5 
28.Qxf6+ Kg8 29.Rc3 Qe6 30.Qd4 a5 31.Rd1 a4 32.Rxc5 dxc5 33.Qc3 a3 34.Rd5 
h6 35.Re5 Qd6 36.Rd5 Qc6 37.g4 a2 38.Rd1 Qa4 39.Ra1 Qd4 0-1

[Event "46th World U20 ch"]
[Site "Yerevan ARM"]
[Date "2007.10.07"]
[Round "5.26"]
[White "Pileckis, Emilis"]
[Black "Khairullin, Ildar"]
[Result "1/2-1/2"]
[WhiteElo "2349"]
[BlackElo "2567"]
[EventDate "2007.10.03"]
[PlyCount "53"]

1.Nf3 Nf6 2.c4 e6 3.Nc3 Bb4 4.Qc2 c5 5.a3 Ba5 6.d4 cxd4 7.Nxd4 Nc6 8.Nxc6 
bxc6 9.c5 d6 10.cxd6 Qxd6 11.Bd2 O-O 12.g3 e5 13.Bg2 Bg4 14.Ne4 Bxd2+ 15.
Nxd2 Rac8 16.Nc4 Qe6 17.O-O Rfd8 18.Rac1 h5 19.Na5 e4 20.Nb7 Re8 21.Rfd1 
Re7 22.Nc5 Qe5 23.Qc3 Qg5 24.h3 Bf5 25.h4 Qg6 26.e3 Bg4 27.Rd4 1/2-1/2

[Event "46th World U20 ch"]
[Site "Yerevan ARM"]
[Date "2007.10.07"]
[Round "5.27"]
[White "Kalashian, David"]
[Black "Nigalidze, Gaioz"]
[Result "1/2-1/2"]
[WhiteElo "2361"]
[BlackElo "2440"]
[EventDate "2007.10.03"]
[PlyCount "76"]

1.d4 Nf6 2.c4 c5 3.e3 e6 4.Nc3 d5 5.Nf3 Nc6 6.a3 a6 7.dxc5 Bxc5 8.b4 Bd6 
9.Bb2 O-O 10.cxd5 exd5 11.Be2 Be6 12.O-O b5 13.Rc1 Qb6 14.Nb1 Ne4 15.Nbd2 
Rfd8 16.Qc2 Nxd2 17.Qxd2 Rac8 18.Qd3 f6 19.Rfd1 Kh8 20.h3 Bb8 21.Rc5 Bd6 
22.Rxc6 Rxc6 23.Nd4 Bb8 24.Nxc6 Qxc6 25.Rc1 Qd6 26.f4 Rc8 27.Rxc8+ Bxc8 
28.Bd4 Qc6 29.Bc5 Qe6 30.Bg4 f5 31.Bf3 Bb7 32.Bd4 Kg8 33.Qc3 Qe7 34.Qc2 
Qe6 35.Qc5 Qd6 36.Qc2 Qe6 37.Qf2 Bd6 38.Qc2 Bb8 1/2-1/2

[Event "46th World U20 ch"]
[Site "Yerevan ARM"]
[Date "2007.10.07"]
[Round "5.28"]
[White "Vandenbussche, Thibaut"]
[Black "Hungaski, Robert"]
[Result "0-1"]
[WhiteElo "2205"]
[BlackElo "2432"]
[EventDate "2007.10.03"]
[PlyCount "68"]

1.d4 d5 2.Bg5 h6 3.Bh4 c6 4.e3 Qb6 5.b3 Bf5 6.Nf3 Nd7 7.Bd3 Bxd3 8.Qxd3 e6
9.O-O Ne7 10.c4 Nf5 11.Bg3 Nxg3 12.hxg3 Be7 13.Nc3 O-O 14.Rfd1 Rfd8 15.
Rac1 Rac8 16.Qe2 Qa5 17.a4 a6 18.e4 dxe4 19.Nxe4 b5 20.axb5 axb5 21.c5 Nf6
22.Ra1 Qb4 23.Ra7 Nxe4 24.Rxe7 Qxb3 25.Ra1 Ra8 26.Re1 Nf6 27.Ne5 Rxd4 28.
Nxf7 Re4 29.Qd2 Qd5 30.Qc1 Rxe1+ 31.Qxe1 Kf8 32.Rc7 Qd4 33.Kh2 Ra1 34.Qxe6
Ng4+ 0-1

[Event "46th World U20 ch"]
[Site "Yerevan ARM"]
[Date "2007.10.07"]
[Round "5.30"]
[White "Bregadze, Levan"]
[Black "Gevorgian, David"]
[Result "1-0"]
[WhiteElo "2388"]
[BlackElo "2141"]
[EventDate "2007.10.03"]
[PlyCount "107"]

1.d4 d6 2.e4 g6 3.g3 Bg7 4.Bg2 a6 5.Ne2 b5 6.O-O Bb7 7.Be3 Nf6 8.Nbc3 Ng4 
9.Bg5 h6 10.Bc1 e5 11.a4 b4 12.Nd5 a5 13.f4 Nd7 14.h3 Ngf6 15.c4 O-O 16.
Nxf6+ Nxf6 17.fxe5 dxe5 18.d5 Ba6 19.b3 c5 20.Be3 Qd6 21.Qd2 Kh7 22.g4 h5 
23.g5 Ng8 24.Ng3 Ra7 25.Qe2 Ne7 26.h4 Bc8 27.Rf2 Rc7 28.Raf1 Bg4 29.Bf3 
Bh3 30.Bg2 Bg4 31.Qd2 Nc8 32.Kh2 Qd7 33.Bf3 Nd6 34.Qe2 Bh3 35.Rg1 Rh8 36.
Bc1 Kg8 37.Qd3 Kf8 38.Bb2 Qc8 39.Qe3 Re7 40.Ne2 Kg8 41.Nc1 Bd7 42.Nd3 Nb7 
43.Be2 Qc7 44.Rf6 Bxf6 45.gxf6 Re8 46.Bxe5 Qd8 47.Rg5 Bg4 48.Qg3 Bxe2 49.
Rxg6+ Kf8 50.Rh6 Rg8 51.Qg7+ Rxg7 52.fxg7+ Ke7 53.Bf6+ Kd7 54.Ne5+ 1-0

[Event "46th World U20 ch"]
[Site "Yerevan ARM"]
[Date "2007.10.08"]
[Round "6.3"]
[White "Adly, Ahmed"]
[Black "Melkumian, Hrant"]
[Result "1-0"]
[WhiteElo "2494"]
[BlackElo "2469"]
[EventDate "2007.10.03"]
[PlyCount "81"]

1.Nf3 Nf6 2.c4 e6 3.g3 d5 4.Bg2 Be7 5.O-O O-O 6.b3 c5 7.d3 Nc6 8.Nc3 d4 9.
Na4 e5 10.e4 Ne8 11.Nd2 Nc7 12.f4 exf4 13.gxf4 f5 14.e5 Nb4 15.Rf3 b5 16.
cxb5 Bb7 17.Rh3 Bxg2 18.Kxg2 Qd5+ 19.Kf2 Nxb5 20.a3 Nc3 21.Qh5 Nc2 22.
Qxh7+ Kf7 23.Rg3 Ke8 24.Nc4 Nxa4 25.Rxg7 Qe6 26.Ra2 Kd7 27.Qh3 Rh8 28.Qg2 
Rab8 29.bxa4 Ne3 30.Bxe3 dxe3+ 31.Kxe3 Rb3 32.Rc2 Rh4 33.Na5 Rb1 34.Rb2 
Rh3+ 35.Rg3 Rxg3+ 36.hxg3 Re1+ 37.Kd2 Ra1 38.Rb7+ Ke8 39.Qc6+ Kf7 40.Qxe6+
Kxe6 41.Nc6 1-0

[Event "46th World U20 ch"]
[Site "Yerevan ARM"]
[Date "2007.10.08"]
[Round "6.4"]
[White "Laznicka, Viktor"]
[Black "Popov, Ivan"]
[Result "1-0"]
[WhiteElo "2610"]
[BlackElo "2539"]
[EventDate "2007.10.03"]
[PlyCount "73"]

1.d4 d5 2.c4 c6 3.Nf3 Nf6 4.Nc3 a6 5.c5 Nbd7 6.Bg5 g6 7.e3 Bg7 8.Be2 O-O 
9.O-O Re8 10.Qc2 e5 11.b4 h6 12.Bh4 exd4 13.Nxd4 Nf8 14.Rad1 Ne6 15.Nb3 
Ng5 16.Nd4 Bg4 17.f3 Bd7 18.Bf2 Qe7 19.Rfe1 Ne6 20.Nb3 Nh5 21.Bf1 f5 22.e4
dxe4 23.fxe4 Ng5 24.e5 Be6 25.Rd6 Bxb3 26.axb3 Kh7 27.Qd2 Rad8 28.Bc4 Rxd6
29.cxd6 Qd8 30.h4 b5 31.hxg5 bxc4 32.Bd4 hxg5 33.Na4 c3 34.Bxc3 Nf4 35.Nc5
Nd5 36.Bd4 Nb6 37.Bb2 1-0

[Event "46th World U20 ch"]
[Site "Yerevan ARM"]
[Date "2007.10.08"]
[Round "6.6"]
[White "Ashwin, Jayaram"]
[Black "Amin, Bassem"]
[Result "1-0"]
[WhiteElo "2478"]
[BlackElo "2561"]
[EventDate "2007.10.03"]
[PlyCount "71"]

1.e4 e5 2.Nf3 Nc6 3.Bc4 Nf6 4.d3 Be7 5.O-O O-O 6.Re1 d6 7.a4 h6 8.a5 a6 9.
h3 Kh8 10.Nc3 Nd7 11.Nd5 f5 12.exf5 Rxf5 13.c3 Rf8 14.d4 Bf6 15.Bb3 Re8 
16.Qd3 Nf8 17.Bc2 Be6 18.Nxf6 Qxf6 19.d5 e4 20.Rxe4 Bf5 21.Rxe8 Bxd3 22.
Rxa8 Bxc2 23.dxc6 Be4 24.Ra4 Qe7 25.Bg5 Qe6 26.Rxf8+ Kh7 27.cxb7 Bxb7 28.
Be3 Be4 29.Rxe4 Qxe4 30.b4 Qd5 31.Bd4 g5 32.Rc8 c6 33.Rc7+ Kg6 34.g4 h5 
35.Rg7+ Kh6 36.Nxg5 1-0

[Event "46th World U20 ch"]
[Site "Yerevan ARM"]
[Date "2007.10.08"]
[Round "6.7"]
[White "Andreikin, Dmitry"]
[Black "Romanov, Evgeny"]
[Result "1/2-1/2"]
[WhiteElo "2555"]
[BlackElo "2515"]
[EventDate "2007.10.03"]
[PlyCount "43"]

1.e4 e5 2.Nf3 Nc6 3.Bc4 Bc5 4.c3 Nf6 5.d4 exd4 6.cxd4 Bb4+ 7.Bd2 Bxd2+ 8.
Nbxd2 d5 9.exd5 Nxd5 10.Qb3 Na5 11.Qa4+ Nc6 12.Qb3 Na5 13.Qa4+ Nc6 14.Qb5 
Nb6 15.O-O O-O 16.Qc5 Nxc4 17.Nxc4 Be6 18.Ne3 Ne7 19.Ng5 Bd5 20.Qc2 Ng6 
21.Qf5 c6 22.Nxd5 1/2-1/2

[Event "46th World U20 ch"]
[Site "Yerevan ARM"]
[Date "2007.10.08"]
[Round "6.8"]
[White "Howell, David"]
[Black "Grigorian, Avetik"]
[Result "0-1"]
[WhiteElo "2527"]
[BlackElo "2489"]
[EventDate "2007.10.03"]
[PlyCount "88"]

1.e4 e6 2.d4 d5 3.Nd2 c5 4.Ngf3 cxd4 5.Nxd4 Nf6 6.e5 Nfd7 7.N2f3 Nc6 8.Bf4
Qb6 9.Rb1 g6 10.Nxc6 bxc6 11.Bd3 Bg7 12.O-O Ba6 13.Qd2 O-O 14.Rfe1 Rab8 
15.h4 Bxd3 16.cxd3 Qb4 17.Qe3 h5 18.Re2 Qb6 19.Qd2 Qb4 20.Qe3 Qb6 21.Qc1 
Qa6 22.Rd2 c5 23.b3 Rb4 24.g3 Rfb8 25.Qd1 Qb7 26.Rc1 d4 27.Rdc2 a5 28.Rc4 
Qd5 29.Qe2 a4 30.bxa4 Rxc4 31.dxc4 Qa8 32.Ne1 Rb4 33.a5 Qxa5 34.Nd3 Ra4 
35.Rc2 Bf8 36.g4 hxg4 37.Bg5 Qa8 38.Kh2 Ra3 39.Bc1 Rxd3 40.Qxd3 Nxe5 41.
Qd1 Nf3+ 42.Kg3 Bd6+ 43.Bf4 Bxf4+ 44.Kxf4 f5 0-1

[Event "46th World U20 ch"]
[Site "Yerevan ARM"]
[Date "2007.10.08"]
[Round "6.9"]
[White "Garcia Cardenas, Pablo"]
[Black "Gopal, Geetha Narayanan"]
[Result "0-1"]
[WhiteElo "2149"]
[BlackElo "2520"]
[EventDate "2007.10.03"]
[PlyCount "74"]

1.c4 c5 2.Nc3 Nc6 3.g3 g6 4.Bg2 Bg7 5.d3 e6 6.Nf3 Nge7 7.O-O d5 8.cxd5 
exd5 9.Bf4 O-O 10.Qd2 b6 11.Rfe1 d4 12.Nb5 a6 13.Na3 Be6 14.h4 h5 15.Ng5 
Bd5 16.Ne4 f5 17.Ng5 Bxg2 18.Kxg2 Nd5 19.Kg1 Qd7 20.Nf3 Rae8 21.Rac1 Re6 
22.Nc4 Rfe8 23.Kf1 Bf8 24.Ng5 Rf6 25.a4 b5 26.axb5 axb5 27.Na3 Ncb4 28.Nh3
Rfe6 29.Kg1 Nxf4 30.Nxf4 Rf6 31.Qd1 Bd6 32.Qb3+ Kg7 33.Nd5 Nxd5 34.Qxd5 f4
35.Kg2 Re5 36.Qb3 Qg4 37.Qd1 Re3 0-1

[Event "46th World U20 ch"]
[Site "Yerevan ARM"]
[Date "2007.10.08"]
[Round "6.11"]
[White "Pashikian, Arman"]
[Black "Ibarra Chami, Luis Fernando"]
[Result "1-0"]
[WhiteElo "2534"]
[BlackElo "2416"]
[EventDate "2007.10.03"]
[PlyCount "85"]

1.d4 d5 2.Nf3 Nf6 3.c4 e6 4.g3 dxc4 5.Bg2 Nc6 6.Qa4 Bb4+ 7.Bd2 Bd6 8.Bc3 
O-O 9.O-O Qe7 10.Qxc4 Rb8 11.Ne5 Bxe5 12.dxe5 Nd5 13.Nd2 Rd8 14.Ne4 Bd7 
15.a3 b5 16.Qd3 Be8 17.Rfc1 a5 18.b3 Nxc3 19.Qxc3 b4 20.axb4 Qxb4 21.Qxb4 
Rxb4 22.Nf6+ gxf6 23.Bxc6 Bxc6 24.Rxc6 fxe5 25.Rxa5 Rd7 26.Rc3 f6 27.Ra7 
Rb8 28.Kg2 Rc8 29.Rb7 Kf7 30.b4 Kg6 31.e3 Kf5 32.b5 h5 33.Rc2 Kg6 34.Kf3 
Kf5 35.Rc5 Kg6 36.Rc6 Re7 37.e4 Kh6 38.Kg2 Kg6 39.Kh3 Kg5 40.Rc5 Kg6 41.
Rc6 Kg5 42.Kg2 Kh6 43.Ra6 1-0

[Event "46th World U20 ch"]
[Site "Yerevan ARM"]
[Date "2007.10.08"]
[Round "6.12"]
[White "Ragger, Markus"]
[Black "Alaguzov, Maxat"]
[Result "1/2-1/2"]
[WhiteElo "2528"]
[BlackElo "2358"]
[EventDate "2007.10.03"]
[PlyCount "102"]

1.e4 e5 2.Nf3 Nc6 3.Bb5 a6 4.Bxc6 dxc6 5.O-O Ne7 6.Nxe5 Qd4 7.Qh5 g6 8.Qg5
Bg7 9.Nd3 f5 10.e5 c5 11.b3 b6 12.Bb2 Qg4 13.Qe3 Nd5 14.Qe1 f4 15.f3 Qg5 
16.Nc3 Nxc3 17.Bxc3 Bf5 18.Nf2 O-O-O 19.Qe2 Kb7 20.Rfe1 Rhe8 21.Qc4 Be6 
22.Qe4+ Bd5 23.Qe2 Bc6 24.a4 a5 25.Nd3 Qf5 26.Rac1 g5 27.e6 Bxc3 28.dxc3 
Re7 29.Ne5 Rd6 30.Nf7 Rxf7 31.exf7 Qxf7 32.Rcd1 Rf6 33.Rf1 h5 34.Rd2 g4 
35.fxg4 f3 36.gxf3 Bxf3 37.Qf2 hxg4 38.Qg3 Rh6 39.Rd3 Rf6 40.Re3 Qd5 41.
Re7 Qd8 42.Rg7 Rd6 43.Rf7 Rd2 44.R7xf3 gxf3 45.Qxf3+ Ka7 46.Rf2 Rd1+ 47.
Kg2 Qg5+ 48.Qg3 Qd5+ 49.Qf3 Qg5+ 50.Qg3 Qd5+ 51.Qf3 Qg5+ 1/2-1/2

[Event "46th World U20 ch"]
[Site "Yerevan ARM"]
[Date "2007.10.08"]
[Round "6.14"]
[White "Khamrakulov, Dzhurabek"]
[Black "Feller, Sebastien"]
[Result "1/2-1/2"]
[WhiteElo "2359"]
[BlackElo "2513"]
[EventDate "2007.10.03"]
[PlyCount "68"]

1.e4 c5 2.c3 d5 3.exd5 Qxd5 4.d4 g6 5.Na3 cxd4 6.Nb5 Na6 7.Qxd4 Qxd4 8.
Nxd4 Nf6 9.Ngf3 Bg7 10.Bb5+ Bd7 11.Bxa6 bxa6 12.Ne5 Nd5 13.f4 Bc8 14.O-O 
g5 15.Nec6 Bd7 16.fxg5 Rc8 17.Na5 Bxd4+ 18.cxd4 O-O 19.Nb3 Bb5 20.Rf2 Nb4 
21.Bd2 Nd3 22.Re2 Rc2 23.Rxe7 Bc4 24.Re3 Bxb3 25.Rxd3 Bc4 26.Rc3 Rxd2 27.
Rxc4 Re8 28.d5 Ree2 29.Rg4 Rxd5 30.b3 Rdd2 31.h4 Rxa2 32.Rxa2 Rxa2 33.h5 
Kg7 34.Ra4 Rxa4 1/2-1/2

[Event "46th World U20 ch"]
[Site "Yerevan ARM"]
[Date "2007.10.08"]
[Round "6.17"]
[White "Tamazian, Haik"]
[Black "Kaplan, Sasha"]
[Result "0-1"]
[WhiteElo "2072"]
[BlackElo "2466"]
[EventDate "2007.10.03"]
[PlyCount "62"]

1.e4 e5 2.Nf3 Nc6 3.Bb5 a6 4.Ba4 Nf6 5.O-O Be7 6.Bxc6 dxc6 7.Qe1 Nd7 8.b3 
O-O 9.Bb2 f6 10.Nc3 Nc5 11.d3 Ne6 12.Ne2 c5 13.Nh4 Nd4 14.Nxd4 cxd4 15.Nf5
Bxf5 16.exf5 Qd5 17.f3 b5 18.Qe4 Qxe4 19.fxe4 c5 20.c4 dxc3 21.Bxc3 c4 22.
bxc4 bxc4 23.d4 exd4 24.Bxd4 Rfd8 25.Bc3 Bc5+ 26.Kh1 Rd3 27.Rf3 Rad8 28.
Raf1 Rd1 29.h4 Rxf1+ 30.Rxf1 Rd3 31.Rf3 Be3 0-1

[Event "46th World U20 ch"]
[Site "Yerevan ARM"]
[Date "2007.10.08"]
[Round "6.18"]
[White "Ter-Sahakyan, Samvel"]
[Black "Sanikidze, Tornike"]
[Result "0-1"]
[WhiteElo "2389"]
[BlackElo "2455"]
[EventDate "2007.10.03"]
[PlyCount "80"]

1.e4 c5 2.Nf3 d6 3.d4 cxd4 4.Nxd4 Nf6 5.Nc3 Nc6 6.Bg5 Qb6 7.Nb3 e6 8.Bxf6 
gxf6 9.Qd2 Bd7 10.O-O-O O-O-O 11.f4 Rg8 12.Kb1 Kb8 13.g3 Na5 14.Nxa5 Qxa5 
15.Bd3 Rc8 16.f5 Qb6 17.Ne2 Bc6 18.Rhf1 d5 19.fxe6 fxe6 20.exd5 Bxd5 21.
Nf4 Ba3 22.c3 Rg5 23.c4 Bc6 24.Nxe6 Re5 25.Rxf6 Ba4 26.Rdf1 Be7 27.c5 Qc6 
28.Rh6 Bg5 29.Nxg5 Qxh6 30.h4 Rcxc5 31.Be4 a6 32.b3 Bc6 33.Bc2 Bb5 34.Rf7 
Re2 35.Qf4+ Ka7 36.Be4 Bc6 37.Bd3 Ree5 38.Bc4 Qd6 39.Kb2 Rxc4 40.Qf2+ Qd4+
0-1

[Event "46th World U20 ch"]
[Site "Yerevan ARM"]
[Date "2007.10.08"]
[Round "6.20"]
[White "Corrales Jimenez, Fidel"]
[Black "Hungaski, Robert"]
[Result "1-0"]
[WhiteElo "2513"]
[BlackElo "2432"]
[EventDate "2007.10.03"]
[PlyCount "85"]

1.e4 e5 2.Nf3 Nc6 3.Bb5 a6 4.Ba4 Nf6 5.O-O Be7 6.Re1 b5 7.Bb3 d6 8.c3 O-O 
9.h3 Na5 10.Bc2 c5 11.d4 Qc7 12.Nbd2 cxd4 13.cxd4 Rd8 14.b3 Nc6 15.Bb2 Bb7
16.Rc1 Qb6 17.Nf1 d5 18.exd5 Nxd5 19.Nxe5 Nxe5 20.dxe5 Bg5 21.Qh5 Bh6 22.
Be4 Nb4 23.e6 fxe6 24.Bxg7 Bxg7 25.Qxh7+ Kf8 26.Bxb7 Qxb7 27.Rxe6 Qf7 28.
Re3 Nd5 29.Rf3 Nf6 30.Rc7 Qxc7 31.Rxf6+ Bxf6 32.Qxc7 Rac8 33.Qf4 Kf7 34.
Ne3 Rd4 35.Qf3 Rc1+ 36.Kh2 Rc5 37.g4 Kg6 38.Kg2 Bg5 39.Nf5 Rf4 40.Qd3 Bf6 
41.Ng3+ Kf7 42.Qh7+ Ke6 43.Nh5 1-0

[Event "46th World U20 ch"]
[Site "Yerevan ARM"]
[Date "2007.10.08"]
[Round "6.21"]
[White "Bregadze, Levan"]
[Black "Brandenburg, Daan"]
[Result "1/2-1/2"]
[WhiteElo "2388"]
[BlackElo "2483"]
[EventDate "2007.10.03"]
[PlyCount "67"]

1.d4 d5 2.Nf3 Nf6 3.c4 dxc4 4.e3 e6 5.Bxc4 c5 6.Qe2 a6 7.dxc5 Bxc5 8.O-O 
Nc6 9.e4 b5 10.Bb3 Nd4 11.Nxd4 Qxd4 12.Be3 Qe5 13.Bxc5 Qxc5 14.Nc3 Bb7 15.
Rad1 Rc8 16.e5 Qc6 17.f4 Ne4 18.Nxe4 Qxe4 19.Qxe4 Bxe4 20.Rd4 Bc6 21.f5 
exf5 22.Rxf5 Rf8 23.Rf2 Ke7 24.Rd6 a5 25.a3 a4 26.Ba2 Rc7 27.h3 Bd7 28.Kh2
Rc5 29.Rfd2 Bc8 30.R2d5 Rxd5 31.Bxd5 Bd7 32.Rb6 Rc8 33.Rb7 Rc5 34.Bxf7 
1/2-1/2

[Event "46th World U20 ch"]
[Site "Yerevan ARM"]
[Date "2007.10.08"]
[Round "6.23"]
[White "Mamikonian, Tigran"]
[Black "Rohit, Gogineni"]
[Result "0-1"]
[WhiteElo "2257"]
[BlackElo "2491"]
[EventDate "2007.10.03"]
[PlyCount "176"]

1.e4 c5 2.Nf3 d6 3.d4 cxd4 4.Nxd4 Nf6 5.Nc3 a6 6.Bc4 e6 7.O-O b5 8.Bb3 Be7
9.Qf3 Qb6 10.Be3 Qb7 11.a3 O-O 12.g4 Nc6 13.g5 Nd7 14.Qh5 g6 15.Qh6 Nde5 
16.Nxc6 Qxc6 17.f3 Re8 18.Rad1 Bb7 19.Bd4 Bf8 20.Qh4 Qc7 21.Qg3 Rac8 22.
Rf2 Nc4 23.Ne2 e5 24.Bc3 d5 25.exd5 Bc5 26.Bb4 Bxf2+ 27.Qxf2 Nd6 28.Ng3 a5
29.Bxd6 Qxd6 30.Ne4 Qd8 31.Nf6+ Kh8 32.d6 Rf8 33.Qe3 a4 34.Bd5 Qxd6 35.c3 
Rfd8 36.Kg2 Qc7 37.Bxb7 Qxb7 38.Rxd8+ Rxd8 39.Qxe5 Qb8 40.Qe3 Qd6 41.Ne4 
Qe5 42.Qb6 Rd1 43.Qe3 Kg7 44.h4 Kf8 45.Qb6 Kg7 46.Qe3 Rd5 47.Kh3 Rd8 48.
Kg2 Rh8 49.Qd3 Re8 50.Qd7 Re7 51.Qd8 Re8 52.Qd7 Kf8 53.Kg1 Qf4 54.Kg2 Re5 
55.Qd8+ Kg7 56.Qd4 h6 57.Qd8 hxg5 58.hxg5 Re6 59.Qd4+ Qe5 60.Qd8 Re8 61.
Qd3 Kg8 62.Qd7 Re7 63.Qd8+ Kg7 64.Qd1 Qf4 65.Qd4+ Re5 66.Qd8 Rxe4 67.fxe4 
Qxe4+ 68.Kg3 Qe3+ 69.Kg4 Qe2+ 70.Kf4 Qf2+ 71.Ke4 Qe2+ 72.Kf4 Qxb2 73.Qd4+ 
Kg8 74.Qc5 Qe2 75.Kg3 Qf1 76.Kg4 Kh7 77.Kg3 Qf5 78.Qe3 Kg8 79.Kh4 Qe6 80.
Qd2 Qc4+ 81.Kg3 Kg7 82.Qe3 Qd5 83.Kf2 Kf8 84.Qc1 Qd3 85.Kg2 Ke7 86.Qe1+ 
Kd6 87.Qe8 Qd5+ 88.Kf2 Qf5+ 0-1

[Event "46th World U20 ch"]
[Site "Yerevan ARM"]
[Date "2007.10.08"]
[Round "6.24"]
[White "Khairullin, Ildar"]
[Black "Fusco, Leonardo"]
[Result "1-0"]
[WhiteElo "2567"]
[BlackElo "2341"]
[EventDate "2007.10.03"]
[PlyCount "79"]

1.e4 c5 2.Nf3 d6 3.c3 Nf6 4.h3 Nc6 5.Bd3 g6 6.O-O Bg7 7.Bc2 O-O 8.d4 b6 9.
a3 e5 10.dxe5 Nxe5 11.Nxe5 dxe5 12.Be3 Ba6 13.Re1 c4 14.a4 Bb7 15.Qxd8 
Rfxd8 16.Nd2 Rac8 17.a5 b5 18.a6 Ba8 19.Ra5 b4 20.Bb1 bxc3 21.bxc3 Rc7 22.
Ba2 Rxd2 23.Bxd2 Nxe4 24.Rb1 Rc8 25.Be1 Nd6 26.Rd1 Rc6 27.f3 Bf6 28.Bf2 e4
29.Bd4 Kg7 30.Bxf6+ Kxf6 31.fxe4 Nxe4 32.Rd8 Nxc3 33.Rxa8 Ne2+ 34.Kf2 c3 
35.Bb1 c2 36.Bxc2 Rxc2 37.Rxa7 Nd4+ 38.Ke3 Nc6 39.Rc7 Rc3+ 40.Kd2 1-0

[Event "46th World U20 ch"]
[Site "Yerevan ARM"]
[Date "2007.10.08"]
[Round "6.26"]
[White "Pileckis, Emilis"]
[Black "Simonian, Hrair"]
[Result "1/2-1/2"]
[WhiteElo "2349"]
[BlackElo "2405"]
[EventDate "2007.10.03"]
[PlyCount "91"]

1.d4 Nf6 2.c4 b6 3.Nc3 Bb7 4.d5 e6 5.a3 exd5 6.cxd5 b5 7.Qd4 c5 8.Qe5+ Qe7
9.Qxe7+ Bxe7 10.d6 Bxd6 11.Nxb5 Ke7 12.Nxd6 Kxd6 13.b4 cxb4 14.axb4 Nc6 
15.Ba3 a5 16.b5+ Nb4 17.Nf3 Kc7 18.Nd4 Kb6 19.f3 g5 20.Kd2 g4 21.e4 Rhg8 
22.Be2 gxf3 23.gxf3 Rg2 24.Nf5 Bxe4 25.Ne3 Bxf3 26.Nxg2 Bxg2 27.Rhc1 Ne4+ 
28.Ke3 Re8 29.Bxb4 Nc5+ 30.Kf2 axb4 31.Rab1 b3 32.Rxc5 Kxc5 33.Rxb3 Be4 
34.Rc3+ Kb6 35.Ke3 Re6 36.Kd4 Bb7 37.Bf3 Rd6+ 38.Ke5 Re6+ 39.Kd4 Rd6+ 40.
Ke5 Rh6 41.Bxb7 Kxb7 42.Rf3 d6+ 43.Kd5 Kb6 44.Rxf7 Kxb5 45.Rd7 Rxh2 46.
Rxd6 1/2-1/2

[Event "46th World U20 ch"]
[Site "Yerevan ARM"]
[Date "2007.10.08"]
[Round "6.27"]
[White "Hambardzumian, Yuri"]
[Black "Lovik, Lasse Ostebo"]
[Result "1-0"]
[WhiteElo "2387"]
[BlackElo "2025"]
[EventDate "2007.10.03"]
[PlyCount "69"]

1.e4 e5 2.Nf3 Nc6 3.Bb5 a6 4.Ba4 Nf6 5.O-O Be7 6.Re1 b5 7.Bb3 O-O 8.a4 Rb8
9.axb5 axb5 10.c3 d6 11.h3 Qe8 12.d4 Kh8 13.Nbd2 Ng8 14.Nf1 f5 15.exf5 
Bxf5 16.Ng3 exd4 17.Nxf5 Rxf5 18.Qd3 Qf8 19.Bc2 g6 20.Nxd4 Nxd4 21.Qxd4+ 
Bf6 22.Qa7 Re5 23.Rxe5 Bxe5 24.Qxc7 Ra8 25.Ra7 Rxa7 26.Qxa7 Qf6 27.Be3 Bf4
28.Bd3 b4 29.cxb4 Bxe3 30.Qxe3 Qxb2 31.b5 Nf6 32.Qe7 Qd4 33.Qf8+ Ng8 34.
Bf1 d5 35.Qb8 1-0